The Modern State / (Registro nro. 109723)
[ vista simple ]
| 000 -LEADER | |
|---|---|
| campo de control de longitud fija | 00718nam a2200217 4500 |
| 001 - NÚMERO DE CONTROL | |
| campo de control | 109723 |
| 003 - IDENTIFICADOR DE NÚMERO DE CONTROL | |
| campo de control | ES-MaACL |
| 005 - FECHA Y HORA DE LA ÚLTIMA TRANSACCIÓN | |
| campo de control | 20230906184910.0 |
| 007 - CAMPO FIJO DE DESCRIPCIÓN FÍSICA--INFORMACIÓN GENERAL | |
| campo de control de longitud fija | t| |
| 008 - DATOS DE LONGITUD FIJA--INFORMACIÓN GENERAL | |
| campo de control de longitud fija | 061121s1933 xxk r ||||1| eng d |
| 245 04 - MENCIÓN DEL TÍTULO | |
| Título | The Modern State / |
| Mención de responsabilidad, etc. | By Leonard Woolf, Lord Eustace Percy, Mrs. Sidney Webb, Prof. W. G. S. Adams, Sir Arthur Salter; Edited by M. Adams. |
| 260 ## - PUBLICACIÓN, DISTRIBUCIÓN, ETC. | |
| Lugar de publicación, distribución, etc. | London : |
| Nombre del editor, distribuidor, etc. | G. Allen & Unwin, |
| Fecha de publicación, distribución, etc. | 1933. |
| 300 ## - DESCRIPCIÓN FÍSICA | |
| Extensión | 320 p. ; |
| Dimensiones | 19 x 13 cm. |
| 700 1# - ENTRADA AGREGADA--NOMBRE PERSONAL | |
| Nombre de persona | Woolf, Leonard. |
| 9 (RLIN) | 117357 |
| 700 1# - ENTRADA AGREGADA--NOMBRE PERSONAL | |
| Nombre de persona | Percy, Eustace. |
| 9 (RLIN) | 90416 |
| 700 1# - ENTRADA AGREGADA--NOMBRE PERSONAL | |
| Nombre de persona | Webb, Sidney. |
| 9 (RLIN) | 116243 |
| 700 1# - ENTRADA AGREGADA--NOMBRE PERSONAL | |
| Nombre de persona | Adams, W. G. S. |
| 9 (RLIN) | 18404 |
| 700 1# - ENTRADA AGREGADA--NOMBRE PERSONAL | |
| Nombre de persona | Salter, Arthur. |
| 9 (RLIN) | 102038 |
| 700 1# - ENTRADA AGREGADA--NOMBRE PERSONAL | |
| Nombre de persona | Adams, Mary Grace Agnes. |
| 9 (RLIN) | 18396 |
| 852 ## - LOCALIZACIÓN | |
| Ubicación | ES-MaACL |
| Número de control de estantería | B-12898 |
| Estatus retirado | Estado de pérdida | Estado de daño | No para préstamo | Biblioteca de origen | Biblioteca actual | Ubicación en estantería | Fecha de adquisición | Fuente de adquisición | Total de préstamos | Signatura topográfica completa | Código de barras | Visto por última vez | Precio de reemplazo | Tipo de ítem Koha |
|---|---|---|---|---|---|---|---|---|---|---|---|---|---|---|
| Biblioteca del Ateneo de Madrid | Biblioteca del Ateneo de Madrid | Sala Pardo Bazán | 17/01/2008 | B-12898 | 1114482 | 23/02/2023 | 23/02/2023 | Libro impreso |
